000 00779nam a2200241Ii 4500
003 JO-AjNU
005 20240114110609.0
008 230605s9999||||xx |||||||||||||| ||und||
017 _a2022/3/1506
020 _a978-9923-45-062-8
040 _aJO-AjNU
_bara
_erda
_cJO-AjNU
041 _aara
050 1 4 _aTK5105.875.2022
100 3 _aالزيدي، محمد عباس,
_eauthor
_963422
245 0 0 _aالتشفير الاعلامي في تصميم وطباعة الوثائق الامنية
250 _aط1
300 _a159ص
336 _atext
_btxt
_2rdacontent
337 _aunmediated
_bn
_2rdamedia
338 _avolume
_bnc
_2rdacarrier
650 4 _aالتشفير-امن الحاسوب-حماية البيانات-علم الحاسوب
_963423
942 _2lcc
_cBK
999 _c32336
_d32336